02595nam a2200289uu 4500001000800000005001700008007001000025008004100035035001200076040001300088041000800101080000700109100004100116245006800157260004300225300001300268520157600281650002101857650003201878650001601910650002501926650003301951700003901984700004502023856006102068500017602129113569920260507113905.0co|||||||090403nuuuuuuuu spa  a1135699 ccomduadb aspa aPA10aMolina Tejada, Maria Edith4auteaut13aLa narración, un pretexto para el encuentro con la escritura. aMedellín :b[sin publicador],c2009. a1 CD-ROM3 aEsta monografía está basada en la práctica pedagógica realizada durante el año 2007 en los grados séptimo y octavo de la Institución Educativa Jesús Rey. Es necesario aclarar que, por tal razón, se trata de una práctica investigativa. En la primera parte se hace una contextualización, la cual parte de una descripción física y sociocultural de la institución y de los sujetos involucrados en esta investigación. También aparece en esta parte una descripción de algunos datos del Proyecto Educativo Institucional, así como la autobiografía del maestro en formación en la que aparecen rasgos de su historia académica desde primaria hasta la actualidad; de igual manera, aparece la caracterización del maestro cooperador en donde se evidencia la manera como ha enseñado el área, a partir de lo cual se formula una propuesta de práctica profesional innovadora para la enseñanza de la Lengua y la Literatura. Por último, se da cuenta de un diagnostico de la escritura en dicho grado escolar para dejar claro la pertinencia de una propuesta entorno a los procesos de escritura. En la segunda parte, está la formulación del problema, el cual tiene como base las estadísticas obtenidas a partir de las Pruebas Saber e Icfes que evidencian marcadas dificultades en la producción y comprensión de diferentes tipos de texto por parte de los estudiantes de la educación básica. Lo anterior permite formular un objetivo general y tres específicos, cuyo propósito es el de guiar todo el proceso investigativo.  aAutobiografías aLicenciatura en Educación aNarraciones 0aProceso de escritura 7aEscrituraxEnseñanza2lemb10aOrozco Naranjo, Catalina4auteaut10aYepes Londono, Miguel Arcangel4thseths4 uhttp://ayura.udea.edu.co:8080/jspui/handle/123456789/403 aTesis (Licenciatura en Educación Básica con Énfasis en Humanidades Lengua Castellana) Universidad de Antioquia, Facultad de Educación - Título del grado otorgado